Standard for the design of high-performance green buildings : (Record no. 352652)

000 -LEADER
fixed length control field 00604 a2200181 4500
003 - CONTROL NUMBER IDENTIFIER
control field OSt
005 - DATE AND TIME OF LATEST TRANSACTION
control field 20180116192341.0
008 - FIXED-LENGTH DATA ELEMENTS--GENERAL INFORMATION
fixed length control field 120524t xxu||||| |||| 00| 0 eng d
020 ## - INTERNATIONAL STANDARD BOOK NUMBER
International Standard Book Number 9781104123369
040 ## - CATALOGING SOURCE
Transcribing agency 0
082 ## - DEWEY DECIMAL CLASSIFICATION NUMBER
Classification number 720.4702
245 ## - TITLE STATEMENT
Title Standard for the design of high-performance green buildings :
Remainder of title except low-rise residential buildings
260 ## - PUBLICATION, DISTRIBUTION, ETC.
Place of publication, distribution, etc. London :
Name of publisher, distributor, etc. illuminating engineering society.
Date of publication, distribution, etc. 2009.
300 ## - PHYSICAL DESCRIPTION
Extent 122p. :
Other physical details 18cm .
650 0# - SUBJECT ADDED ENTRY--TOPICAL TERM
Topical term or geographic name entry element Sustainable buildings.
9 (RLIN) 2104
942 ## - ADDED ENTRY ELEMENTS (KOHA)
Institution code [OBSOLETE] SADA
Koha item type Book
Call number prefix 720.4702 STA 2009
Source of classification or shelving scheme
Holdings
Withdrawn status Lost status Source of classification or shelving scheme Damaged status Not for loan Permanent Location Current Location Date acquired Total Checkouts Total Renewals Full call number Barcode Date last seen Date last checked out Price effective from Koha item type
          School of Art Design and Architecture (SADA) School of Art Design and Architecture (SADA) 02/14/2011 2 1 720.4702 STA 2009 SADA0000626 12/24/2012 11/29/2012 08/05/2011 Book
© 2023 Central Library, National University of Sciences and Technology. All Rights Reserved.